| 000 | 00394nam a2200145Ia 4500 | ||
|---|---|---|---|
| 008 | 230917s9999||||xx |||||||||||||| ||und|| | ||
| 040 |
_e106521 _aMAIN |
||
| 041 | _aEnglish | ||
| 082 | _a891.2109 M471L | ||
| 100 | _aMeenakshi, K. | ||
| 245 | 0 | _aLiterary criticism in Tamil and sanskrit | |
| 260 |
_aChennai _bInternational Institute of Tamil Studies _c1999 |
||
| 300 | _a142p p. | ||
| 942 | _cBK | ||
| 999 |
_c82043 _d82043 |
||